000 00829nab a2200217 i 4500
001 768714001
003 CO-MdFUSB
005 20230530120133.0
008 230530s1985 us ||||| |||| 00| 0 eng d
040 _bspa
_aCO-MdFUSB
_cCO-MdFUSB
_dCO-MdFUSB
041 _aeng
100 _aLakes, Ross A.
_eautor
245 _aWhen they say ¨God told me¨
_c/ Ross A. Lakes
300 _aVolumen 6, número 1 (Winter 1985), páginas 110 - 114
_c; 27 cm
520 _a¿Cuál es la mejor respuesta cuando alguien afirma haber escuchado directamente de Dios?
546 _aTexto em Inglés
650 7 _97324
_aInspiración
_xAspectos religiosos
653 _aPalabra de Dios
773 0 _068780
_981985
_oR2473
_tLeadership :
_w(CO-MdFUSB)768714001
_gVolumen 6, número 1 (Winter 1985), páginas 110 - 114
_qpágina 110
942 _cANA
999 _c68912
_d68912